Company directors: a guide to their rights, power, functions and duties (Record no. 358435)

000 -LEADER
fixed length control field 00367cam a22001217a 4500
008 - FIXED-LENGTH DATA ELEMENTS--GENERAL INFORMATION
fixed length control field 180718b1963 xxu||||| |||| 00| 0 eng d
082 ## - DEWEY DECIMAL CLASSIFICATION NUMBER
Classification number T3100x54 Ar97
100 ## - MAIN ENTRY--PERSONAL NAME
Personal name Arya, V.P.
245 ## - TITLE STATEMENT
Title Company directors: a guide to their rights, power, functions and duties
Statement of responsibility, etc. by V.P. Arya
260 ## - PUBLICATION, DISTRIBUTION, ETC.
Place of publication, distribution, etc. Calcutta
Name of publisher, distributor, etc. Oxford Bk.
Date of publication, distribution, etc. 1963
300 ## - PHYSICAL DESCRIPTION
Extent 164p.
650 ## - SUBJECT ADDED ENTRY--TOPICAL TERM
Topical term or geographic name entry element Directors - India
Holdings
Withdrawn status Lost status Damaged status Not for loan Permanent Location Current Location Date acquired Full call number Barcode Date last seen Price effective from Koha item type
        Indian Institute of Public Administration Indian Institute of Public Administration 1994-01-28 T3100x54 Ar97 34292 2018-07-21 2018-07-21 Book

Powered by Koha